Online Catalogue and eLibrary

Arachchala aththa (Record no. 5325)

MARC details
000 -LEADER
fixed length control field 00413nam a2200157Ia 4500
005 - DATE AND TIME OF LATEST TRANSACTION
control field 20250317011710.0
008 - FIXED-LENGTH DATA ELEMENTS--GENERAL INFORMATION
fixed length control field 240331s9999 xx 000 0 und d
020 ## - INTERNATIONAL STANDARD BOOK NUMBER
ISBN 9556101624
082 ## - DDC Classification
Item Number - Author Mark RAT
Class No. 808
100 ## - MAIN ENTRY--PERSONAL NAME
Personal name Ratnayake,L.S
245 #0 - TITLE STATEMENT
Title Arachchala aththa
260 ## - PUBLICATION, DISTRIBUTION, ETC.
Place of publication, distribution, etc. Pittakotte
Name of publisher, distributor, etc. State Printing Cooperation
Date of publication, distribution, etc. 2003
300 ## - PHYSICAL DESCRIPTION
Extent (e.g. Volumes, Pages etc.) iv, 45 p .,
500 ## - GENERAL NOTE
General note story of a father written by his son.
942 ## - Koha item type (Biblio)
Koha item type Books in Stacks (Lending)
Holdings
Lost status Damaged status Collection code Home library Current library Shelving location Date acquired Full call number Accession Number Item type
    Lending WERC Library WERC Library Social Science Cupboard 03/31/2024 808.31 RAT 5901 Books in Stacks (Lending)

© WERC Library